000 00655nam a2200217Ia 4500
003 GCL
008 140319s9999 xx 000 0 ara d
040 _aGCL /
_cGCL
082 0 4 _a194
_bم ك
100 1 _aسامى ادهم
245 1 0 _aكونت الفلسفة والعلوم /
_cسامى ادهم
700 1 _aماشيرى, بيار
260 _a[S.N] :
_bالمؤسسة الجامعية للدراسات والنشر والتوزيع ،
_c1994
300 _a136
490 _a
650 0 4 _aالفلسفة
650 0 4 _aالفلسفة الغربية
650 0 4 _aالفلسفة الفرنسية
650 0 4 _aكونت
942 _2ddc
_cBK
999 _c28970
_d28970